书目信息 |
| 题名: |
化学专业英语
|
|
| 作者: | 马永祥等 编 | |
| 分册: | ||
| 出版信息: | 北京 高等教育出版社 1997 |
|
| 页数: | 238 | |
| 开本: | 26cm | |
| 丛书名: | ||
| 单 册: | ||
| 中图分类: | H3 | |
| 科图分类: | ||
| 主题词: | 外语--常用 | |
| 电子资源: | ||
| ISBN: | 7-311-00037-8 | |
| 000 | 00535nam0 2200193 450 | |
| 001 | 0754114953 | |
| 005 | 20070929150154.95 | |
| 010 | @a7-311-00037-8 | |
| 100 | @a20070929d km y0chiy0120 ea | |
| 101 | 0 | @achi |
| 200 | 1 | @a化学专业英语@Ahua xue zhuan ye ying yu@f马永祥等 编@Fma yong xiang deng bian |
| 205 | @a修订版 | |
| 210 | @a北京@c高等教育出版社@d1997 | |
| 215 | @a238@d26cm | |
| 606 | 0 | @a外语@x常用 |
| 690 | @aH3@v3 | |
| 701 | 0 | @a马永祥等@Ama yong xiang deng@4编 |
| 801 | 0 | @aCN@bPFT@c20070929 |
| 905 | @a213230@dH3@eh3=2@f1 | |
| 化学专业英语/马永祥等 编.-修订版.-北京:高等教育出版社,1997 |
| 238;26cm |
| ISBN 7-311-00037-8: |
| ● |
| 相关链接 |
|
|
|
|
正题名:化学专业英语
索取号:H3/h3=2
 
预约/预借
| 序号 | 登录号 | 条形码 | 馆藏地/架位号 | 状态 | 备注 |
| 1 | 6001799 | 260017993 | 密集书库-化学系/ [索取号:H3/h3=2] | 在馆 | |
| 2 | 6001954 | 260019544 | 密集书库-化学系/ [索取号:H3/h3=2] | 在馆 | |
| 3 | 6001967 | 260019679 | 密集书库-化学系/ [索取号:H3/h3=2] | 在馆 |